Dejepisná čítanka. (1) /

Uložené v:
Podrobná bibliografia
Hlavný autor: Dvořák, Pavel, 1937- (Author)
Médium: Kniha
Jazyk:Slovak
Vydané: Bratislava : Orbis Pictus Istropolitana, 2006
Vydanie:[1. vyd.]
Témy:
ISBN: 8071584665 (brož.)
Fyzický popis: 64 s. : fotogr., il., mp. ; 30 cm
Tagy: Pridať tag
Žiadne tagy, Buďte prvý kto otaguje tento záznam!

MARC

LEADER 00000nam a2200000 a 4500
001 000287607
005 20070216120855.0
008 061205s2006 xo ab e 000 0 sloo
020 |a 8071584665 (brož.) 
040 |a SVKKK  |b slo  |c SVKKK  |e AACR2 
041 0 |a slo 
044 |a xo  |c SK 
072 7 |a 93/94  |x Dejiny (všeobecne)  |2 konspekt 
072 7 |a 37.016  |x Učebné osnovy. Vyučovacie predmety. Učebnice  |2 konspekt 
080 |a 93/94  |2 1997 
080 |a (075.2)  |2 1997 
245 0 0 |a Dejepisná čítanka.  |n (1) /  |c [zostavili Pavel Dvořák ... [et al.]] 
250 |a [1. vyd.] 
260 |a Bratislava :  |b Orbis Pictus Istropolitana,  |c 2006 
300 |a 64 s. :  |b fotogr., il., mp. ;  |c 30 cm 
500 |a Text na prednej a fotogr. na zadnej predsádke 
500 |a Údaj o zost. prevzatý z rubu titul. strany 
650 0 7 |a dejepis  |2 SVKKKPH 
655 7 |a učebnice základných škôl  |2 SVKKKPH 
655 7 |a čítanky  |2 SVKKKPH 
700 1 |a Dvořák, Pavel,  |d 1937-  |4 aut 
919 |a 80-7158-466-5 
998 |a BK 
090 |g SCKHL  |k Sklad Hlavná 10 prízemie  |a V.216740  |j 984924  |i 2720085202  |s Absenčne